000 00279nam a22001217a 4500
008 180519b xxu||||| |||| 00| 0 eng d
041 _aeng
080 _a043.3
100 _a0
101 _aSHKI-BA
245 _aAnalizimi i QoS ne rrjetin 3G dhe LTE
_cKaba, N
942 _2udc
_cBK
999 _c46054
_d46054